Loading...
The All India Reporter ,1984 Vol.71 :Supreme Court Section P.1121-1920
| Language: | English |
|---|---|
| Published: |
1984
|
| LEADER | 00370nam a22001097a 4500 | ||
|---|---|---|---|
| 005 | 20200730164658.0 | ||
| 008 | 170801b xxu||||| |||| 00| 0 eng d | ||
| 245 | |a The All India Reporter ,1984 Vol.71 |b :Supreme Court Section P.1121-1920 | ||
| 260 | |c 1984 | ||
| 942 | |c BJ |6 _ | ||
| 999 | |c 208370 |d 208370 | ||
| 952 | |0 0 |1 0 |4 0 |6 _ |7 0 |9 265152 |a SLS |b SLS |d 2017-08-01 |p SLS014667 |r 2017-08-01 |w 2017-08-01 |y BJ | ||